15 krajów o największej liczbie zgonów Covid19 - 28 maja - Statystyki

Ogólne statystyki
  • Ten quiz został rozwiązany 49 razy
  • Średni wynik to 11 z 21
Statystyki odpowiedzi
kraj % Poprawnych
Stany Zjednoczone
91%
Chiny
88%
Francja
81%
Włochy
81%
Niemcy
79%
Brazylia
77%
Hiszpania
72%
Kanada
65%
Wielka Brytania
65%
Indie
60%
Meksyk
53%
Szwecja
49%
Portugalia
47%
Turcja
47%
Holandia
37%
Belgia
35%
Iran
26%
Peru
23%
Szwajcaria
23%
Irlandia
21%
Ekwador
7%
Nie znaleziono quizów pasujących do podanych kryteriów
Rozkład punktacji
Procent ludzi z każdym wynikiem
Percentyl według liczby udzielonych odpowiedzi
Twoja historia wyników
Nie rozwiązałeś tego quizu